000 01018nam a22002177a 4500
999 _c2668
_d2668
003 AR-CdUCM
008 190305b ||||| |||| 00| 0 spa d
040 _aMUNICIPALIDAD PROVINCIAL DEL CUSCO
_cBIBLIOTECA MUNICIPAL DEL CUSCO
082 _23ed.
_a349.1 /
_bT68
100 _aTola Cires, Fernando
_99375
245 _aDerecho Romano :
_bObligaciones, Contratos, Delitos y Acciones /
260 _aLima :
_bSan Marcos,
_c1997.
300 _a236 paginas ;
_c21cm.
500 _aTeoría de las obligaciones y contratos en el derecho romano, abarcando los conceptos, fuentes, condiciones, elementos, modalidades de las obligaciones, negocios, contratos, etc.
505 _aContenido- Concepto de obligación -- Fuentes de las obligaciones -- Condiciones Fundamentales de los negocios juridicos -- Elementos accidentales de los negocios juridicos -- Efectos de las obligaciones...
650 _aDerecho Romano
_94293
650 _aObligaciones
_99376
650 _aContrato
_99377
942 _2ddc
_cLIBROS
945 _apjha